| 000 | 00501nam a22001697a 4500 | ||
|---|---|---|---|
| 999 |
_c9077 _d9077 |
||
| 008 | 210322b ||||| |||| 00| 0 eng d | ||
| 040 | _aBMS College of Architecture | ||
| 100 | _aKhan, Zainab | ||
| 245 | _aRecreation and civic centre | ||
| 300 | _a36p. | ||
| 500 | _a1BM07AT054 | ||
| 502 |
_8B.Arch _NBMS College of Architecture, Visvesvaraya Technological University _aProject report _d2012 |
||
| 650 | _aNA | ||
| 700 |
_aShobha M N _eGuide |
||
| 700 |
_aK R Madhu Chand _eGuide |
||
| 942 |
_2ddc _cTHE |
||